000 00323nam a2200109Ia 4500
008 200302s9999 xx 000 0 und d
100 _aFrancisco Asensio Cerver
245 _aWorld of Environmental Design Landscape of Recreation I (Sports Facilities)
260 _bPaco Asensio Publisher
260 _c1994
300 _a255 P.,
999 _c1005
_d1005